|
|
|
|
| LEADER |
00000nab a2200000 a 4500 |
| 001 |
vtls008954704 |
| 003 |
SK-MaSNL |
| 005 |
20260303070328.0 |
| 008 |
070313c20070313xo drz 0 0slo |
| 038 |
|
|
|a KEVKJB
|
| 040 |
|
|
|a KEVKJB
|b slo
|c KEVKJB
|e AACR2
|
| 041 |
0 |
|
|a slo
|
| 044 |
|
|
|a xo
|c SK
|
| 080 |
|
|
|a 336.14
|2 2001
|
| 100 |
1 |
|
|a Vrábeľ, Jaroslav
|4 aut
|9 275721
|
| 245 |
1 |
0 |
|a Na Ťahanovciach robia 90 nových parkovacích miest
|b úrad a poslanci "skonzumujú" 60 percent rozpočtu
|c Jaroslav Vrábeľ
|
| 300 |
|
|
|b Fotogr.
|
| 650 |
0 |
7 |
|a rozpočet
|y 2007
|2 kevkjb
|9 1033213
|
| 650 |
0 |
7 |
|a parkovacie plochy pre motorové vozidlá
|2 kevkjb
|9 250389
|
| 651 |
|
7 |
|a Košice (Slovensko)
|2 kevkjb
|9 18694
|
| 651 |
|
7 |
|a Ťahanovce (Košice I, Slovensko)
|2 kevkjb
|9 168684
|
| 773 |
0 |
|
|t Košický denník Korzár
|g Roč. X, č. 60 (13.3.2007), s. 2
|x 1335-4566
|
| 852 |
|
|
|a KEVKJB
|b KIS3GCP
|
| 856 |
4 |
1 |
|u www.korzar.sk
|
| 999 |
|
|
|c 1754897
|d 1756827
|